St. Pancras International (Record no. 109166)
[ view plain ]
| 000 -LEADER | |
|---|---|
| fixed length control field | 01756cam a22002775a 4500 |
| 001 - CONTROL NUMBER | |
| control field | L146416 |
| 008 - FIXED-LENGTH DATA ELEMENTS--GENERAL INFORMATION | |
| fixed length control field | 090116s2008 xxkado f 001 0 eng d |
| 020 ## - INTERNATIONAL STANDARD BOOK NUMBER | |
| International Standard Book Number | 9781856695527 |
| 035 ## - SYSTEM CONTROL NUMBER | |
| System control number | (Sirsi) u146416 |
| 041 0# - LANGUAGE CODE | |
| Language code of text/sound track or separate title | eng |
| 050 04 - LIBRARY OF CONGRESS CALL NUMBER | |
| Classification number | 725.3109421 $2 22 |
| 100 1# - MAIN ENTRY--PERSONAL NAME | |
| Personal name | Lansley, Alastair |
| 245 00 - TITLE STATEMENT | |
| Title | St. Pancras International |
| 260 ## - PUBLICATION, DISTRIBUTION, ETC. | |
| Place of publication, distribution, etc. | London |
| Name of publisher, distributor, etc. | Laurence King |
| Date of publication, distribution, etc. | 2008 |
| 300 ## - PHYSICAL DESCRIPTION | |
| Extent | 240p |
| Other physical details | col. ill. |
| Dimensions | 25cm. |
| 505 2# - FORMATTED CONTENTS NOTE | |
| Formatted contents note | Introduction -- A Gothic past -- Dereliction and decay -- A new vision -- A masterpiece restored -- New meets old -- Transformation -- 21st-century Gothic -- London's best-connected station -- Renaissance of a grand hotel -- A new heart for London -- A place to meet -- The royal opening -- Index |
| 520 ## - SUMMARY, ETC. | |
| Summary, etc. | Looks at the history of St Pancras Station and the 2007 project to renovate and redevelop the area around St Pancras and transform the station into the new London terminus for the high-speed channel tunnel link to continental Europe. One of the largest civil engineering projects in Europe, the book shows how the old St Pancras (one of London's finest Victorian stations) has been restored to its original glory and extended for the demands of 21st-century rail travel. The book has been written by those who were involved in the project and relates how the original building was renovated and expanded with major new additions and how the surrounding area has been regenerated to become a desirable destination in its own right. Winner of the 2008 RICS Project of the Year Award. |
| 521 20 - TARGET AUDIENCE NOTE | |
| Target audience note | Introductory |
| 590 ## - LOCAL NOTE (RLIN) | |
| Local note | KA |
| 651 #4 - SUBJECT ADDED ENTRY--GEOGRAPHIC NAME | |
| Geographic name | London |
| 690 ## - LOCAL SUBJECT ADDED ENTRY--TOPICAL TERM (OCLC, RLIN) | |
| Topical term or geographic name as entry element | BUILT ENVIRONMENT-CONSTRUCTION DESIGN |
| 700 1# - ADDED ENTRY--PERSONAL NAME | |
| Personal name | Dyke, Stuart |
| 700 1# - ADDED ENTRY--PERSONAL NAME | |
| Personal name | Gambrill, Bernard |
| 700 1# - ADDED ENTRY--PERSONAL NAME | |
| Personal name | Shelton, Roderick |
| 942 ## - ADDED ENTRY ELEMENTS (KOHA) | |
| Suppress in OPAC | 0 |
| Withdrawn status | Lost status | Source of classification or shelving scheme | Damaged status | Not for loan | Home library | Current library | Shelving location | Date acquired | Total Checkouts | Full call number | Barcode | Date last seen | Copy number | Price effective from | Koha item type |
|---|---|---|---|---|---|---|---|---|---|---|---|---|---|---|---|
| Dewey Decimal Classification | London | London | Books | 16/01/2009 | F725.3109421 ALA | 30076458 | 06/08/2019 | 1 | 06/08/2019 | Book |